| 000 | 01004nam a2200277Ia 4500 | ||
|---|---|---|---|
| 003 | GCL | ||
| 008 | 140319s9999 xx 000 0 ara d | ||
| 040 |
_aGCL / _cGCL |
||
| 082 | 0 | 4 |
_a953 _bم م |
| 100 | 1 | _aمصطفى عبدالقادر النجار | |
| 245 | 1 | 0 |
_aمجلة المؤرخ العربى / _cمصطفى عبدالقادر النجار |
| 490 |
_aالهيئة العامة للاستعلامات _v0 |
||
| 650 | 0 | 4 | _aعبدالرحمن الكواكبى |
| 650 | 0 | 4 | _aعمر بن الخطاب |
| 650 | 0 | 4 | _aالسلاجقة |
| 650 | 0 | 4 | _aالفاطميون |
| 650 | 0 | 4 | _aالمنتصر بالله الفاطمى |
| 650 | 0 | 4 | _aمصر - تاريخ - العصر الحديث (1805 - 1956 ) |
| 650 | 0 | 4 | _aصولون |
| 650 | 0 | 4 | _aالسياسة - العراق |
| 650 | 0 | 4 | _aالسياسة - اسرائيل |
| 650 | 0 | 4 | _aالبصرة - تاريخ |
| 650 | 0 | 4 | _aالازياء العربية - تاريخ |
| 650 | 0 | 4 | _aابوعلى القالى البغدادى |
| 942 |
_2ddc _cBK |
||
| 999 |
_c50630 _d50630 |
||